000 00733cab a2200241 4500
001 ABS52287
008 090401t1995 xxu||||| |||| 00| 0 eng d
035 _a(Sirsi) u70947
041 _aeng
245 _aWhy haven`t house prices hit the roof?
260 _c1995
350 _a0
490 _aAccountancy
_v115(1218) February 1995, 72-73(2)
520 _aDiscusses why Britain`s strong economic recovery has not led to an upturn in the housing market.
650 _aECONOMIC INDICATORS
650 _aHOUSE PRICES
650 _aHOUSING MARKET INDICATORS
650 _aHOUSING MARKET
650 _aPROSPECTS
690 _aPROPERTY-RESIDENTIAL PROPERTY-RESIDENTIAL PROPERTY MARKET
942 _n0
948 _c04/03/1997
999 _c44698
_d44698